|
|
|
|
| LEADER |
01558cas a2200241 a 4500 |
| 001 |
AALejournalIMF009586 |
| 008 |
230101c9999 xx r poo 0 0eng d |
| 020 |
|
|
|c 5.00 USD
|
| 020 |
|
|
|z 9781451803921
|
| 022 |
|
|
|a 1934-7685
|
| 040 |
|
|
|a BD-DhAAL
|c BD-DhAAL
|
| 110 |
2 |
|
|a International Monetary Fund.
|
| 245 |
1 |
0 |
|a Burkina Faso :
|b Poverty Reduction Strategy Paper Annual Progress Report.
|
| 264 |
|
1 |
|a Washington, D.C. :
|b International Monetary Fund,
|c 2007.
|
| 300 |
|
|
|a 1 online resource (165 pages)
|
| 490 |
1 |
|
|a IMF Staff Country Reports
|
| 500 |
|
|
|a <strong>Off-Campus Access:</strong> No User ID or Password Required
|
| 500 |
|
|
|a <strong>On-Campus Access:</strong> No User ID or Password Required
|
| 506 |
|
|
|a Electronic access restricted to authorized BRAC University faculty, staff and students
|
| 520 |
3 |
|
|a This report reviews the Priority Action Program (PAP) for Poverty Reduction Strategy Paper (PRSP) implementation in Burkina Faso. The PAP makes the PRSP operational and increases the visibility of public policies in the area of poverty reduction. The 2005-07 PAP is expected to help remove obstacles to economic and social progress. By 2007, the aim is to reduce the overall poverty rate to 43.3 percent, with rural and urban poverty rates amounting to 48.1 percent and 16.6 percent, respectively.
|
| 538 |
|
|
|a Mode of access: Internet
|
| 830 |
|
0 |
|a IMF Staff Country Reports; Country Report ;
|v No. 2007/320
|
| 856 |
4 |
0 |
|z Full text available on IMF
|u http://elibrary.imf.org/view/journals/002/2007/320/002.2007.issue-320-en.xml
|z IMF e-Library
|